Solidarity Between the Sexes and the Generations : (Record no. 619492)

MARC details
000 -LEADER
fixed length control field 00541nam a2200193 a 4500
008 - FIXED-LENGTH DATA ELEMENTS--GENERAL INFORMATION
fixed length control field 260416s2004##################000#0#eng##
020 ## - INTERNATIONAL STANDARD BOOK NUMBER
ISBN 9781843763581
082 04 - DEWEY DECIMAL CLASSIFICATION NUMBER
Classification number 361.61094
Item number KNI
100 1# - MAIN ENTRY--AUTHOR NAME
Personal name Knijn, Trudie,
245 10 - TITLE STATEMENT
Title Solidarity Between the Sexes and the Generations :
260 ## - PUBLICATION, DISTRIBUTION, ETC. (IMPRINT)
Name of publisher Edward Elgar Publishing,
Year of publication 2004.
300 ## - PHYSICAL DESCRIPTION
Number of Pages 264 pages
650 #0 - SUBJECT ADDED ENTRY--TOPICAL TERM
Topical Term Family & Relationships.
942 ## - ADDED ENTRY ELEMENTS (KOHA)
Koha item type English Books
Holdings
Withdrawn status Lost status Damaged status Not for loan Home library Current library Shelving location Date acquired Full call number Accession Number Price effective from Koha item type
        Anna Centenary Library Anna Centenary Library 4TH FLOOR, A WING 16.04.2026 361.61094 KNI 342707 16.04.2026 English Books

Find us on the map